| Tag |
First Indicator |
Second Indicator |
Subfields |
| LEADER |
00000cam a2200000 4500 |
| 001 |
in00000097753 |
| 005 |
20150925115001.0 |
| 008 |
800402s1950 dcua 00000 eng d |
| 010 |
|
|
|a 50011697
|
| 035 |
|
|
|a (OCoLC)06158475
|
| 035 |
|
|
|9 AAL2948AM
|
| 040 |
|
|
|a TXA
|c TXA
|d UtOrBLW
|
| 049 |
|
|
|a TXAM
|c [457510]
|
| 082 |
0 |
|
|a 656
|
| 090 |
|
|
|a TL230
|b .D7
|
| 110 |
2 |
|
|a Drake, Startzman, Sheahan, Barclay, inc., New York.
|
| 245 |
1 |
0 |
|a Manual for planning and operating terminals.
|
| 264 |
|
1 |
|a Washington :
|b Regular Common Carrier Conference of the American Trucking Associations,
|c [1950]
|
| 264 |
|
4 |
|c ©1950
|
| 300 |
|
|
|a 1 volume (loose-leaf) :
|b illustrations
|
| 336 |
|
|
|a text
|b txt
|2 rdacontent
|
| 337 |
|
|
|a unmediated
|b n
|2 rdamedia
|
| 338 |
|
|
|a volume
|b nc
|2 rdacarrier
|
| 500 |
|
|
|a "Sponsored by Common Carrier Conference, ATA."
|
| 650 |
|
0 |
|a Truck terminals.
|
| 710 |
2 |
|
|a American Trucking Associations.
|b Regular Common Carrier Conference.
|
| 999 |
|
|
|a MARS
|
| 999 |
f |
f |
|s 55f9263c-bcb7-33ff-ab2a-f87466ee71bf
|i b18000b1-7d6c-3842-b34c-f8354f8a1535
|t 0
|
| 952 |
f |
f |
|p ric
|a Texas A&M University
|b Rellis Campus
|c Joint Library Facility
|d Remote Storage
|t 0
|e TL230 .D7
|h Library of Congress classification
|i unmediated -- volume
|m A14805526228
|
| 998 |
f |
f |
|a TL230 .D7
|t 0
|l Remote Storage
|